| 000 | 00000cas 2200000zi 4500 |
| 001 | 9.939905 |
| 003 | CaOODSP |
| 005 | 20260316110107 |
| 006 | m o d f |
| 007 | cr cn |||||||| |
| 008 | 240626c20199999oncar p o f0### 0eng|d |
| 040 | |aCaOODSP|beng|erda|cCaOODSP |
| 043 | |an-cn--- |
| 086 | 1 |aNR1-19E-PDF |
| 110 | 2 |aNational Research Council Canada.|eauthor, |eissuing body. |
| 245 | 10|aConsolidated future-oriented statement of operations for the year ending ... / |cNational Research Council Canada. |
| 264 | 1|a[Ottawa] : |bNRC = CNRC, |c[2019]- |
| 310 | |aAnnual |
| 336 | |atext|btxt|2rdacontent |
| 337 | |acomputer|bc|2rdamedia |
| 338 | |aonline resource|bcr|2rdacarrier |
| 362 | 1 |aBegan with: March 31, 2019. |
| 500 | |aIssued also in French under title: État des résultats prospectif consolidé pour l'exercice se terminant le ... |
| 588 | |aDescription based on: March 31, 2019. |
| 588 | |aLatest issue consulted: March 31, 2020. |
| 610 | 20|aNational Research Council Canada|xAppropriations and expenditures|vPeriodicals. |
| 650 | 0|aFinance, Public|zCanada|xForecasting|vPeriodicals. |
| 655 | 7|aPeriodicals|2lcgft |
| 775 | 08|tÉtat des résultats prospectif consolidé pour l'exercice se terminant le ... / |w(CaOODSP)9.939904 |